| 000 | 00682nam a22002417a 4500 | ||
|---|---|---|---|
| 001 | 00028673 | ||
| 005 | 20260330113749.0 | ||
| 008 | 260330b ag ||||| |||| 00| 0 spa d | ||
| 020 | _a9505185952 | ||
| 040 |
_aAR-CcCEOS _bspa _cAR-CcCEOS |
||
| 041 | _aspa | ||
| 080 | _a159.964.2 | ||
| 090 | _bFRE19 | ||
| 100 | 1 |
_aFreud, Sigmund, _d1856-1939 _9993 |
|
| 245 |
_aObras completas XIX / _cSigmund Freud |
||
| 250 | _a1ª ed. | ||
| 264 |
_aBuenos Aires : _bAmorrortu, _cc1976. |
||
| 300 |
_a334 p. ; _c24x10 cm. |
||
| 490 | _vObras completas Sigmund Freud; v.19 | ||
| 650 | 0 |
_afilosofía _9153 |
|
| 942 |
_2udc _cBK _n0 |
||
| 999 |
_c28706 _d28706 |
||